Europei 2024 - Rosa nazionale: Germania - Statistics

Statistiche generali
  • Questo quiz è stato fatto 26 volte
  • Il punteggio medio è 14 su 27
Statistiche sulle risposte
# Ruolo Giocatore % Corretto
1 P Manuel Neuer
100%
22 P Marc-André ter Stegen
91%
10 C Jamal Musiala
83%
19 C Leroy Sané
83%
2 D Antonio Rüdiger
78%
17 C Florian Wirtz
78%
6 D Joshua Kimmich
78%
8 C Toni Kroos
78%
13 A Thomas Müller
70%
- Allenatore Julian Nagelsmann
65%
7 A Kai Havertz
65%
9 A Niclas Füllkrug
65%
21 C İlkay Gündoğan
57%
4 D Jonathan Tah
48%
3 D David Raum
43%
25 C Emre Can
39%
15 D Nico Schlotterbeck
39%
23 C Robert Andrich
35%
12 P Oliver Baumann
30%
5 C Pascal Gross
30%
26 A Deniz Undav
26%
11 C Chris Führich
17%
14 A Maximilian Beier
17%
20 D Benjamin Henrichs
13%
18 D Maximilian Mittelstädt
13%
16 D Waldemar Anton
13%
24 D Robin Koch
4%
Nessun quiz corrispondente trovato
Distribuzione punteggi
Percentuale di utenti per punteggio
Percentile per numero di risposta
I tuoi punteggi nel tempo
Non hai fatto questo quiz